000 00619nam a2200193 i 4500
001 70542
003 ES-MaACL
005 20230906170841.0
007 t|
008 040727s1963 sp ||||1| spa d
100 1 _aGarcía Vicente, Juan.
_955399
245 1 0 _aFenomenología del escrúpulo religioso /
_cJuan García Vicente.
260 _aMadrid :
_bEl Perpetuo Socorro,
_c[1963]
300 _a271 p. ;
_c21 cm.
490 1 _aLibros de teología y práctica pastoral ;
_v3
830 0 _aLibros de teología y práctica pastoral ;
_v3
_9183305
852 _aES-MaACL
_jC-25155
_bR.52146
999 _c70542
_d70542